000 00697nam a2200241 a 4500
001 nice12345678
003 IN_TiNIC
005 20260116011315.0
008 050524s1965 bana grp 000 0 eng
020 _a
_c100
082 0 0 _a239
_bFAK
100 _aFakirbhai, Dhanjibhai
245 _aKhristopanishad
_b Christ-Upanishad.
260 _aBangalore
_bChristian Instt.For Study of Religion
_c1965
300 _a43p
500 _aincludes index and biblioraphy
505 2 _aunited nations conference on trade and development.Feb 1 to march 25 1968.
650 _aJesus Christ-Hindu Interpretation
700 1 _aFakirbhai, Dhanjibhai
902 _bSRS
942 _cBK
999 _c366
_d366